01516nam a2200241Ia 450000500170000000800410001704000440005804100080010208200140011010000800012424200380020424500360024226001400027830000310041849000940044950005320054350500900107550600210116554600230118665000220120965000170123165300260124820231122155056.0130821n fr fr idfre  aCo-BoUCMbspacSandra YazodSandra Yazo0 afre04a844.52201 aMontesquieu, Charles Louis de Secondat, baron de la Brède y ded1689-175510aCartas persas.bMontesquieu.yspa10aLettres Persanes.cMontesquieu. aParís (Francia)bÉditions Nilsson ; Nilsson. Impr. I. Bellenand [Ediciones Nilsson ; Imprenta de I. Bellenand]c[fecha desconocida] a123 páginasc17 x 10 cm. aLes 100 Chefs d’oeuvre qu’il faut lire [Las cien obras maestras que hay que leer]v55 aDetalles físicos: Encuadernación flexible en cartulina fina, impresión a dos tintas. Lomo y tapas con datos de publicación. Tapa delantera con impresión del retrato del autor. Anteportada señalando la colección en orla decorativa. Portada impresa en una sola tinta; pequeño grabado con la marca tipográfica (E. N.) del Editor (Éditions Nilsson). Cenefas decorativas. Texto impreso en una sola columna, con diferentes tamaños de letra. Índice. Papel con oxidación. Últimas hojas con algunos dobleces.0 aDatos biográficos de Montesquieu ; Cartas persas, de Montesquieu: de la 1 a la 68.  aConsulta en sala aTexto en francés07aCartas francesas 07aEpístolas  aLiteratura satírica